UBT Library

General endocrinology. (Record no. 41969)

000 -LEADER
fixed length control field 00552cam a22002291 4500
001 - CONTROL NUMBER
control field 6987933
005 - DATE AND TIME OF LATEST TRANSACTION
control field 20180207033009.0
008 - FIXED-LENGTH DATA ELEMENTS--GENERAL INFORMATION
fixed length control field 730110s1955 paua 000 0 eng
010 ## - LIBRARY OF CONGRESS CONTROL NUMBER
LC control number 55006334
015 ## - NATIONAL BIBLIOGRAPHY NUMBER
National bibliography number GB55-9385
020 ## - INTERNATIONAL STANDARD BOOK NUMBER
International Standard Book Number 0721689329
035 ## - SYSTEM CONTROL NUMBER
System control number (OCoLC)534856
040 ## - CATALOGING SOURCE
Original cataloging agency DLC
Transcribing agency OAU
Modifying agency OCoLC
-- InU-D
-- OCoLC
-- Uk
-- DLC
041 ## - LANGUAGE CODE
Language code of text/sound track or separate title eng
080 ## - UNIVERSAL DECIMAL CLASSIFICATION NUMBER
Universal Decimal Classification number 612.4
082 ## - DEWEY DECIMAL CLASSIFICATION NUMBER
Classification number 612.4 TUR
100 1# - Rafti
Rafti 10
101 ## - Shkurtesa
Shkurtesa GJIN
245 10 - TITLE STATEMENT
Title General endocrinology.
906 ## - LOCAL DATA ELEMENT F, LDF (RLIN)
a 7
b cbc
c oclcrpl
d u
e ncip
f 19
g y-gencatlg
942 ## - ADDED ENTRY ELEMENTS (KOHA)
Source of classification or shelving scheme
Item type Books
Holdings
Withdrawn status Lost status Source of classification or shelving scheme Damaged status Not for loan Collection code Permanent location Current location Shelving location Date acquired Total Checkouts Full call number Barcode Date last seen Price effective from Koha item type
          Koleksioni i përgjithshem UBT - Lipjan UBT - Lipjan Koleksioni i përgjithshem 02/07/2018   612.4 TUR 002-2998941 02/07/2018 02/07/2018 Books
UBT Library © 2015-2024. All rights reserved University Education for Business and Technology